Entry Personal Name
Number of records used in: 1
001 - CONTROL NUMBER
003 - CONTROL NUMBER IDENTIFIER
005 - DATE AND TIME OF LATEST TRANSACTION
- control field:
20231204162152.0
008 - FIXED-LENGTH DATA ELEMENTS
- fixed length control field:
100701n| azannaabn |n aaa
010 ## - LIBRARY OF CONGRESS CONTROL NUMBER
- LC control number:
n 2010042587
040 ## - CATALOGING SOURCE
- Original cataloging agency:
DLC
- Language of cataloging:
eng
- Description conventions:
rda
- Transcribing agency:
DLC
- Modifying agency:
DLC
046 ## - SPECIAL CODED DATES
100 1# - HEADING--PERSONAL NAME
- Personal name:
Nicholson, Andrew J.
373 ## - ASSOCIATED GROUP
- Associated group:
State University of New York at Stony Brook
670 ## - SOURCE DATA FOUND
- Source citation:
Unifying Hinduism, c2010:
- Information found:
ECIP t.p. (Andrew J. Nicholson) data view (assist. prof., Dept. of Asian and Asian Amer. Studies, State Univ. of New York at Stony Brook)
670 ## - SOURCE DATA FOUND
- Source citation:
Lord Śiva's Song, 2014:
- Information found:
ECIP t.p. (Andrew J. Nicholson) data view (b. Dec. 2, 1971)